000 00425nam a2200145Ia 4500
003 OSt
005 20260122170222.0
008 211028s2015 xx 000 0 und d
040 _cAIMIT LIBRARY
041 _aeng
100 _aTellis, Tanisha; Harinakshi.
_g1316144
_97414
245 _aStudy on employee attrition rate with reference to Sanofi India ltd Goa /
260 _aMangalore
_bHarinakshi.
_c2015
942 _2ddc
_cPRO
999 _c218984
_d218984